000 00793nam a2200241 i 4500
001 180952
003 ES-MaACL
005 20250808011425.0
008 120903q19501959sp a |||| |dspa d
080 _a001.94
080 _a523.43-126
100 1 _aCuyas, Leandro.
_9150816
245 1 2 _a¿Hay habitantes en Marte? /
_cLeandro Cuyas ; portada e ilustraciones de Chaco.
260 _aBarcelona :
_bEdiciones G.P.,
_c[195-]
300 _a64 p. :
_bil. ;
_c11 cm.
490 1 _aEnciclopedia pulga ;
_v203
650 0 7 _aVida en otros planetas
_2embne
_917792
651 4 _aMarte (Planeta)-
_xExploración.
_9151403
700 1 _aChacopino Fabre, Joaquín.
_9150736
830 0 _aEnciclopedia pulga ;
_v203
_9191296
852 _aES-MaACL
_j2311-F-40
999 _c180952
_d180952